00612nam a2200193 a 4500008004100000020002200041100002200063245009100085260003200176300003500208504004100243500002000284650001500304700003600319700003600355003000100391005001700392040000900409  a0669830305 (pbk.)1 aChickos, James S.10aChemistry :bits role in society /cJames S. Chickos, David L. Garin, Robert A. Rouse. aLexington :bHeath,cc1973. axiii, 301 p. :bill. ;c24 cm. aIncludes bibliographical references. aIncludes index. 0aChemistry.1 aGarin, David L.,ejoint author.1 aRouse, Robert A.ejoint author.20230123133126.0 cNUST